[Event "Siemens Giants"]
[Site "Frankfurt"]
[Date "1999.07.02"]
[Round "12"]
[White "Karpov, Anatoly"]
[Black "Kramnik, Vladimir"]
[Result "1/2-1/2"]
[WhiteElo "2710"]
[BlackElo "2751"]
[Annotator "Lutz,C"]
[PlyCount "84"]
[EventDate "1999.06.29"]
[EventType "tourn (rapid)"]
[EventRounds "12"]
[EventCountry "GER"]
[EventCategory "21"]
[SourceTitle "CBM 072"]
[Source "ChessBase"]
[SourceDate "1999.10.01"]
[SourceVersion "1"]
[SourceVersionDate "1999.10.01"]
[SourceQuality "1"]

1. d4 d5 2. c4 c6 3. Nc3 Nf6 4. e3 e6 5. Nf3 Nbd7 6. Qc2 Bd6 7. Bd3 O-O 8. O-O
dxc4 9. Bxc4 a6 10. Rd1 b5 11. Be2 Qc7 12. Ne4 Nxe4 13. Qxe4 Be7 {Dieser neue
Zug wurde zuerst von Gelfand angewandt. Die Idee ist, der weißen Dame das Feld
h4 zu verwehren. Häufiger wurde 13...Nf6 und 13...e5 gespielt.} (13... Nf6 14.
Qh4 c5 15. e4 cxd4 16. Bg5 e5 17. Bxf6 gxf6 18. Qxf6 $40 {1-0 Bareev,E-Dreev,A/
Elista 1998/CBM 65/[Hecht] (58)}) (13... e5 14. Qh4 Re8 15. Bd3 h6 16. Bc2 exd4
17. Qxd4 Bf8 18. b3 Nf6 19. Qh4 g5 20. Qg3 Qxg3 21. hxg3 $13 {1/2-1/2 Karpov,
A-Anand,V/Lausanne 1998/CBM 63/[Ftacnik] (55)}) 14. Bd2 (14. a4 Bb7 15. Qc2
Rfc8 16. Bd2 b4 17. a5 c5 18. Be1 Qb8 19. Qb1 Nf6 20. dxc5 Bxc5 21. Nd2 Bd5 22.
Bf3 Bd6 23. h3 Be5 24. Bxd5 Nxd5 25. Nf3 Bf6 26. e4 Nf4 27. Ra4 Be7 28. b3 Qb5
29. Bd2 Ne2+ 30. Kh1 Rd8 $36 {1-0 Karpov,A-Gelfand,B/Monte Carlo 1999/CBM 69
ext (56)}) 14... Bb7 15. Rac1 c5 16. Qb1 Qb6 17. dxc5 Nxc5 18. Bc3 Be4 19. Qa1
b4 {Bevor Weiß selbst b2-b4 spielt.} 20. Bd4 Rac8 21. Nd2 Bd5 $11 {Schwarz hat
keine Probleme mehr.} 22. b3 f6 23. Bf3 Bxf3 24. Nxf3 Rfd8 25. Qb1 Qb7 26. Bxc5
Rxd1+ 27. Rxd1 Rxc5 28. Nd2 Rd5 29. Nc4 f5 30. Rxd5 Qxd5 31. f3 Bf6 32. Kf2 Kf7
33. Ke2 Ke7 34. Qd3 Qc5 35. Kf1 g6 36. h3 h5 37. Ke2 Qc7 38. f4 Qc6 39. Kf2
Bh4+ 40. Kf1 Bf6 41. Kf2 Bh4+ 42. Kf1 Bf6 1/2-1/2

[Event "Dortmund SuperGM 27th"]
[Site "Dortmund"]
[Date "1999.07.11"]
[Round "2"]
[White "Kramnik, Vladimir"]
[Black "Karpov, Anatoly"]
[Result "1/2-1/2"]
[WhiteElo "2760"]
[BlackElo "2700"]
[Annotator "Huzman,A"]
[PlyCount "51"]
[EventDate "1999.07.10"]
[EventType "tourn"]
[EventRounds "7"]
[EventCountry "GER"]
[EventCategory "19"]
[SourceTitle "CBM 072"]
[Source "ChessBase"]
[SourceDate "1999.10.01"]
[SourceVersion "1"]
[SourceVersionDate "1999.10.01"]
[SourceQuality "1"]

1. d4 d5 2. c4 dxc4 3. Nf3 Nf6 4. e3 e6 5. Bxc4 c5 6. O-O a6 7. Bd3 cxd4 8.
exd4 Be7 9. Ne5 O-O 10. Be3 Bd7 11. Nc3 Nc6 12. Rc1 Rc8 (12... Bd6 13. Bf4 Qe7
14. Ne4 Nxe4 15. Bxe4 $36) 13. a3 Bd6 14. Nxd7 (14. Bf4 Qe7 15. Ne4 Nxe4 16.
Bxe4 Rfd8 17. Qd3 f5 $5 (17... h6 18. Bh7+ $140 Kh8 19. Nxf7+ Qxf7 20. Bxd6 Be8
21. Bc5 g6 $19) 18. Bxc6 Bxe5 19. Bxe5 (19. Bxd7 Rxc1 20. Bxe6+ (20. Bxc1 Qxd7
$17) 20... Qxe6 21. Bxc1 Bxd4 $15) 19... Bxc6 $11) 14... Qxd7 15. Qf3 Ne7 16.
Bg5 Ned5 $11 17. Bxf6 Nxf6 18. d5 Nxd5 19. Nxd5 Rxc1 (19... exd5 $4 20. Bf5 $18
) 20. Bxh7+ Kxh7 21. Qh5+ Kg8 22. Nf6+ gxf6 23. Qg4+ Kh7 24. Qh4+ Kg7 25. Qg4+
Kh7 26. Qh4+ 1/2-1/2

[Event "Dortmund SuperGM 27th"]
[Site "Dortmund"]
[Date "1999.07.15"]
[Round "5"]
[White "Kramnik, Vladimir"]
[Black "Topalov, Veselin"]
[Result "1-0"]
[WhiteElo "2760"]
[BlackElo "2690"]
[Annotator "Huebner,R"]
[PlyCount "79"]
[EventDate "1999.07.10"]
[EventType "tourn"]
[EventRounds "7"]
[EventCountry "GER"]
[EventCategory "19"]
[SourceTitle "CBM 072"]
[Source "ChessBase"]
[SourceDate "1999.10.01"]
[SourceVersion "1"]
[SourceVersionDate "1999.10.01"]
[SourceQuality "1"]

1. d4 Nf6 2. Nf3 d5 3. c4 c6 4. Nc3 a6 5. c5 Bf5 6. Bf4 Nbd7 7. e3 e6 8. Be2
Be7 9. Nd2 (9. O-O O-O 10. Qb3 Qc8 11. h3 Re8 12. Bh2 Bd8 13. Rfd1 h6 14. Rac1
Bc7 15. Bxc7 Qxc7 16. Na4 Re7 17. Qb4 Rae8 18. Nb6 e5 19. Nxd7 Nxd7 20. dxe5
Nxe5 21. Nd4 Be4 $11 {geschah in der Partie Yudasin,L-Magem Badals,J/Pamplona
1995/CBM 46 (51). Der Textzug leitet eine wesentlich wirksamere Idee ein: nach
Abtausch der schwarzfeldrigen Läufer verhindert Weiß den Vorstoß e6-e5 mit
f2-f4.}) 9... Bg6 10. b4 Qc8 11. O-O Bd8 12. Rc1 {Dieser Zug sieht überflüssig
aus.} (12. a4 $5) 12... Bc7 $6 {Meines Erachtens ist es genauer, mit} (12...
O-O {fortzufahren, um im folgenden Tf8-e8 und e6-e5 zu spielen; nur auf diese
Weise kann die Schattenseite des Zuges Sf3-d2, die in der Minderung der
Kontrolle des Feldes e5 besteht, bloßgelegt werden.}) 13. Bxc7 Qxc7 14. f4 Ng8
{Schwarz gestattet den Vorstoß e3-e4, doch sind andere Fortsetzungen nicht
angenehmer:} (14... Ne4 15. Ncxe4 Bxe4 (15... dxe4 16. Nc4 {ist ebenfalls
nicht erfreulich für Schwarz.}) 16. Nxe4 dxe4 17. f5 {mit erklecklichem
Vorteil für Weiß.}) (14... O-O 15. g4 h6 16. f5 exf5 17. gxf5 Bh7 18. Bd3 {
nebst Dd1-f3 gefolgt von Druck auf der g-Linie; der Läufer auf h7 bleibt
begraben.}) 15. e4 Ne7 16. f5 $1 {Nur mit der Durchführung dieses Konzeptes
kann Weiß auf Vorteil hoffen: Er verschafft sich die Bauernmehrheit am
Damenflügel, und der Bauer des Schwarzen auf d5 wird verteidigungsbedürftig.
Der Läufer auf g6 bleibt außer Spiel. Der Mehrbauer des Schwarzen ist
bedeutungslos, denn er kann die Bauernmehrheit am Königsflügel nicht wirksam
einsetzen. Dennoch ist Schwarz natürlich keineswegs verloren; es gibt aber für
Weiß keine andere Art, dem Spiel Würze zu verleihen. Nach} (16. e5 $2 Nf5 {
muß Weiß Material abgeben.}) 16... exf5 17. exd5 cxd5 ({Die Fortsetzung} 17...
Nxd5 18. Nxd5 cxd5 19. Bd3 {überläßt dem Weißen ohne weiteres deutlichen
Vorteil.}) 18. b5 O-O 19. b6 Qd8 $6 {Stärker ist} (19... Qc8 {, welcher Zug
das wichtige Blockadefeld c6 im Auge behält (D. Poldauf nach V. Topalov,
"Schach" 8/1999, S.36):} 20. Nb3 Nf6 21. Na5 Nc6 {usw.}) 20. Nb3 Nf6 21. Na5
Rb8 {Dies entzieht dem Bauern auf a6 die Deckung.} (21... Qd7 {gefällt mir
besser:} 22. Qa4 (22. a4 Nc6 23. Nxc6 Qxc6 24. Na2 (24. a5 Rfe8 25. Na2 Qe6 {
verspricht dem Schwarzen ebenfalls reichliches Gegenspiel.}) 24... a5 25. Bb5
Qe6 {mit unklarem Spiel.}) 22... Nc6 23. Nxc6 bxc6 {Die Lage ist mir nicht
deulich.}) 22. a4 Ne4 23. Na2 f6 $2 {Jetzt strebt Schwarz danach, das Feld c6
in die Hand zu bekommen, aber dazu ist es zu spät. Zu recht schlägt D. Poldauf
in "Schach" 8/1999, S.36,} (23... f4 {vor:} 24. Rxf4 Nf5 25. Nxb7 ({Nach} 25.
Qd3 Qg5 26. Rcf1 Rfe8 {hindern die Gegendrohungen des Schwarzen den Weißen
daran, seine Initiative am Damenflügel kräftig zu verfolgen.}) 25... Qg5 ({Nach
} 25... Rxb7 26. Bxa6 Rb8 27. a5 Qg5 28. Qg4 Qxg4 29. Rxg4 Nxd4 30. c6 {
hat Weiß eine Gewinnstellung.}) 26. Rxe4 dxe4 27. Bxa6 Bh5 28. Qf1 Nxd4 {
Schwarz hat ausreichendes Gegenspiel.}) 24. Nb4 Be8 25. Qc2 g6 26. Rb1 Rf7 27.
Nxb7 Rxb7 28. a5 Nc6 29. Nxc6 Bxc6 30. Bxa6 Rb8 31. Bb5 Qc8 32. Bxc6 Qxc6 33.
a6 Kg7 34. Rb4 Nd6 35. Qa4 Qxa4 36. Rxa4 Nc8 37. Rb4 Na7 38. bxa7 Ra8 39. c6
Raxa7 40. Rc1 1-0

[Event "FIDE-Wch k.o."]
[Site "Las Vegas"]
[Date "1999.08.04"]
[Round "2.2"]
[White "Kramnik, Vladimir"]
[Black "Tiviakov, Sergei"]
[Result "1-0"]
[WhiteElo "2760"]
[BlackElo "2611"]
[Annotator "Golod,V"]
[PlyCount "83"]
[EventDate "1999.07.31"]
[EventType "k.o."]
[EventRounds "7"]
[EventCountry "USA"]
[SourceTitle "CBM 072"]
[Source "ChessBase"]
[SourceDate "1999.10.01"]
[SourceVersion "1"]
[SourceVersionDate "1999.10.01"]
[SourceQuality "1"]

1. d4 Nf6 2. c4 e6 3. Nc3 Bb4 4. Qc2 O-O 5. a3 Bxc3+ 6. Qxc3 b6 7. Bg5 Bb7 8.
f3 h6 9. Bh4 d5 10. e3 Re8 $5 {Besides,black has two options:} (10... c5 $5 {
-see comments to Karpov,A-Piket,J/Monaco,1999/CBM 70(1/2-1/2)(Golod,V)(48)}) ({
and} 10... Nbd7 $5 {(is the main line).You can see comments to Piket,J-Karpov,
A/Monaco,1999/CBM 70(1/2-1/2)(Golod,V)(41)}) 11. Nh3 $5 {Other alternatives
are:11.Bd3;11.Rc1;11.cxd5} Nbd7 12. cxd5 $5 (12. Rc1) (12. Be2) ({and} 12. Bd3
{-was checked in the previous games.}) 12... exd5 (12... Nxd5 $143 13. Bxd8
Nxc3 14. Bh4 Nd5 15. Kf2 $14 {1-0 Onischuk,A-Bako,V/Budapest 1992/CBM 30 ext 
(39)}) 13. Be2 ({Another alternative is:} 13. Bf2 $5) 13... Qe7 14. Bf2 c5 15.
O-O c4 $6 ({In my opinion slightly better is:} 15... Rac8) ({Also possibly:} 
15... cxd4) 16. b3 $5 (16. Rfb1 $5 b5 17. b3 Nb6 18. bxc4 bxc4 19. a4 Nc8 20.
Bd1 Nd6 21. Nf4 $14 {1-0 Alexandria,N-Maric,A/Kuala Lumpur 1990/TD (60)}) 16...
b5 17. bxc4 $146 {This is move undoubtedly better than:} (17. Rfe1 $6 Nb6 18.
bxc4 bxc4 19. Bd1 Bc6 20. Nf4 (20. Bh4 $2 Ne4 $1 $11) 20... Qd7 21. Rb1 Ba4 22.
Bxa4 Nxa4 23. Qa5 Rab8 {=/=/+; See comments to Hracek,Z-Lutz,C/Rimavska Sobota,
1991/CBM 24(0-1)(Ftacnik)(46)}) 17... bxc4 ({After:} 17... dxc4 $6 18. e4 Nb6
19. Bd1 {[%csl Yd1][%cal Yd1a4] (/\Rab1,d5)-white has a positional advantage,
thanks to a strong pawn chain on the centre.}) 18. Bd1 $1 {[%mdl 32] with the
idea a4,after 18...Bc6 and 19...Nb6} Nb6 19. Bc2 Bc6 20. a4 $14 Qd7 $6 {
[%csl Ra4]} ({Can be recommended:} 20... a5 $5) 21. a5 Nc8 $8 (21... Na4 $4 {
is refuted by:} 22. Qa3 $18 {[%csl Ra4]}) 22. Bh4 $1 {/\Nf2} Nh7 23. Nf2 Nd6
24. Ng4 $1 {[%cal Gg4e5]} Nf5 ({Another possibility is:} 24... Nb5 25. Qd2 Qe6
26. Ne5 $14) 25. Bf2 f6 26. h3 $1 {[%csl Yh2][%cal Yg4h2,Gf1e1,Ge3e4]} Nd6 ({
Interestingly:} 26... Ng5 {[%csl Re4,Yg5]}) 27. Rfe1 Rac8 28. e4 $1 Nb5 ({
After:} 28... dxe4 $6 29. d5 $1 Bxd5 30. Rad1 {[%csl Rd5,Rd6] white has a
strong pressure.}) 29. Qd2 h5 ({Also possibly:} 29... dxe4 $5 30. fxe4 Ng5 31.
d5 $140 h5 {[%csl Re4,Rg4]} 32. Nh2 Ba8 $14 {[%cal Gb5d6]}) 30. Ne3 dxe4 31. d5
f5 $2 ({It is necessary:} 31... c3 32. Qd1 Ba8 33. fxe4 {[%csl Rh5]} Ng5 $14)
32. Nxf5 $1 Qxd5 $2 {Again mistake.} (32... Qxf5 $142 33. dxc6 (33. Bxe4 Qd7 $1
(33... Rxe4 $143 34. fxe4 Qd7 35. Qd1 Ba8 36. Qxh5 Nf6 37. Qf3 $16) 34. Qc2 {
[%csl Rh7]} (34. Bxh7+ Kxh7 35. Qc2+ g6 36. Rxe8 Rxe8 37. dxc6 Qxc6 {+/=/=})
34... Rxe4 35. fxe4 Ba8 36. Rad1 $14) 33... Nf6 {+/=/+/-}) 33. Qxd5+ Bxd5 34.
Ba4 $1 $18 {[%csl Ga4,Rb5,Rc8,Re8,Gf5]} a6 ({Loses right away:} 34... Bc6 35.
Bxb5 Bxb5 36. Nd6 $18 {[%csl Ra7,Rb5,Rc8,Re4,Re8]}) 35. Bxb5 axb5 36. fxe4 $1 {
This move better than:33.Nd6 because of:Nf6} Bc6 (36... Rxe4 $2 37. Rxe4 Bxe4
38. Ne7+ {[%csl Rc8,Rg8]}) (36... Bxe4 37. Nd6 Nf6 38. Bh4 $1 {[%csl Rc8,Re4,
Re8,Yf6]} (38. a6 $5) 38... Bc6 39. Bxf6 gxf6 (39... Rxe1+ 40. Rxe1 Ra8 41. Bc3
$18) 40. Rxe8+ Rxe8 41. Nxe8 Bxe8 42. a6 Bc6 43. a7 Ba8 44. Rb1 $18) 37. Nd6
Nf6 38. a6 $5 ({Good enough:} 38. e5 Rcd8 39. Nxe8 Nxe8 40. e6 $18) 38... c3 (
38... Nxe4 $144 39. Nxe8 Rxe8 40. a7 Kf7 41. Ra6 {[%cal Ga6b6,Gb6b8]} Ba8 42.
Rb6 Re5 43. Rb8 $18 {[%csl Ra8,Rb5]}) 39. a7 c2 40. e5 Ne4 41. Nxe8 Rxe8 42.
Rec1 {[%csl Ga7,Rc2]} 1-0

[Event "FIDE-Wch k.o."]
[Site "Las Vegas"]
[Date "1999.08.07"]
[Round "3.2"]
[White "Kramnik, Vladimir"]
[Black "Kortschnoj, Viktor Lvovich"]
[Result "1-0"]
[WhiteElo "2760"]
[BlackElo "2676"]
[Annotator "Huzman,A"]
[PlyCount "81"]
[EventDate "1999.07.31"]
[EventType "k.o."]
[EventRounds "7"]
[EventCountry "USA"]
[SourceTitle "CBM 072"]
[Source "ChessBase"]
[SourceDate "1999.10.01"]
[SourceVersion "1"]
[SourceVersionDate "1999.10.01"]
[SourceQuality "1"]

1. Nf3 d5 2. d4 e6 3. c4 dxc4 4. e3 Nf6 5. Bxc4 c5 6. O-O Nc6 7. Qe2 cxd4 8.
Rd1 Be7 9. exd4 Na5 $6 (9... O-O 10. a3 $1 $146 (10. Nc3 Na5 11. Bd3 b6) 10...
Nd5 11. Nc3 Re8 (11... Na5 12. Ba2 Nxc3 13. bxc3 Qc7 14. Qe4 Bd7 15. Bf4 Qc8
16. Ne5 Bc6 17. Nxc6 Nxc6 18. c4 Bf6 19. Bd6 Re8 20. c5 Ne7 21. Bb1 g6 22. Qf3
Nd5 23. Be4 {1-0 Tkachiev,V-Legky,N/FRA t-ch 1999 (48)}) 12. Ba2 (12. Qe4 $5
$14 {B.Gelfand}) 12... Bxa3 13. Nxd5 exd5 14. Qb5 Bd6 15. Bxd5 h6 16. Ne5 $1
Bxe5 17. dxe5 Qc7 18. Bf4 Be6 $11 {1-0 Gelfand,B-Kortschnoj,V/Dos Hermanas
1999/CBM 71/[Gelfand] (64)}) 10. Bb5+ Bd7 11. Ne5 Nc6 (11... O-O 12. Nxd7 Nxd7
13. d5 exd5 14. Rxd5 Qc7 15. Nc3 Nf6 $14) 12. Nc3 O-O 13. Qf3 Nd5 (13... Rc8
$142) 14. Nxd5 exd5 15. Qxd5 Nxe5 16. Qxe5 Bf6 17. Qe2 (17. Qh5 g6 18. Qe2 Re8
19. Be3 $16) 17... Re8 (17... Bxb5 18. Qxb5 Bxd4 19. Qa4 $18 (19. Be3 Qb6 $14))
18. Be3 Bg5 19. Bc4 Bxe3 20. fxe3 Qg5 21. Qf2 (21. e4 $5 Bg4 (21... Rac8 22.
Rf1 Re7 23. e5 $16) 22. Qf2 Rxe4 23. Qxf7+ Kh8 24. Re1 Bh3 $5 (24... Qf4 25.
Rxe4 (25. Qxb7 Rxe1+ 26. Rxe1 Qxd4+ 27. Kh1 Rd8 $16) 25... Qxe4 26. Qf2 $16)
25. Bf1 Be6 26. Qxb7 Bd5 27. Qb4 Rf4 $132) 21... Be6 22. d5 Bf5 23. d6 $1 Qxe3
(23... Rxe3 24. h4 $18) 24. Qxe3 Rxe3 25. Rac1 $1 Rd8 (25... Kf8 26. Bd5 Rc8
27. Rxc8+ Bxc8 28. Bxb7 $18) 26. Bd5 $1 Be6 27. Rc7 Kf8 28. Kf2 Re5 29. Bf3 $1
Ra5 $2 (29... Bxa2 30. b4 (30. Rxb7 a5 31. b3 Rc5 $8 32. Bd5 (32. Rc7 Re5 $132)
(32. Ke2 Re5+) 32... Rxd6 33. Rxf7+ Ke8 34. Re1+ Kd8 $11) 30... Rb5 31. Rd4 Rb6
32. Rxb7 Rbxd6 33. Rxd6 Rxd6 34. Rxa7 Bd5 $14) 30. a3 Ra6 31. Rxb7 Raxd6 32.
Rxd6 Rxd6 33. Ke3 a6 (33... Rd7 34. Rxd7 Bxd7 35. Kd4 Ke7 36. Kc5 $18) (33...
a5 $142 34. a4 $16) 34. a4 Bc4 35. b4 g5 36. Rc7 Bb3 37. a5 $18 {[%csl Ra6]}
Ba4 38. Be2 h6 39. Bc4 $1 f5 40. Rf7+ Ke8 41. Rxf5 1-0

[Event "FIDE-Wch k.o."]
[Site "Las Vegas"]
[Date "1999.08.10"]
[Round "4.2"]
[White "Kramnik, Vladimir"]
[Black "Topalov, Veselin"]
[Result "1/2-1/2"]
[WhiteElo "2760"]
[BlackElo "2690"]
[Annotator "Huzman,A"]
[PlyCount "57"]
[EventDate "1999.07.31"]
[EventType "k.o."]
[EventRounds "7"]
[EventCountry "USA"]
[SourceTitle "CBM 072"]
[Source "ChessBase"]
[SourceDate "1999.10.01"]
[SourceVersion "1"]
[SourceVersionDate "1999.10.01"]
[SourceQuality "1"]

1. d4 d5 2. c4 dxc4 3. Nf3 e6 4. e3 Nf6 5. Bxc4 c5 6. O-O Nc6 7. Qe2 a6 8. Rd1
b5 9. d5 exd5 (9... Nxd5 10. e4 bxc4 11. exd5 Nd4 12. Nxd4 cxd4 13. Rxd4 Bc5 (
13... Bb7 14. Nc3 Bb4 (14... Bc5 15. Rxc4 $16) 15. Qxc4 Bxc3 16. bxc3 $1 (16.
Qa4+ Qd7 17. Qxd7+ Kxd7 18. dxe6+ Kxe6 19. bxc3 $16) 16... exd5 17. Ba3 $1 $40
{/+-}) 14. Rxc4 Qxd5 (14... Bb6 15. Rg4 Qxd5 16. Nc3 $16) 15. Nc3 Qf5 16. g4
$18) 10. Bxd5 Nxd5 11. e4 Bd6 (11... Qe7 $5 12. Rxd5 Be6 (12... Bg4) 13. Rd1
Bg4 $132) (11... Bg4 12. exd5+ (12. Rxd5 Qf6) 12... Qe7 13. Qc2 (13. Qxe7+ Nxe7
14. a4 b4 $1 $132 (14... Rd8 15. axb5 axb5 16. Nc3 b4 17. Nb5 $16)) 13... Bxf3
(13... Ne5 14. d6 Qe6 15. d7+ $1 Kd8 16. Ng5 $40) 14. gxf3 Ne5 (14... Nd4 15.
Rxd4 cxd4 16. Qc6+ $18) 15. Qe4 Rd8 16. a4 $36) 12. exd5+ Ne7 13. a4 $1 b4 14.
Nbd2 O-O 15. Nc4 Re8 16. Bg5 (16. Ng5 $5 h6 17. Ne4 (17. Nxd6 Qxd6 18. Ne4 Nxd5
$1) 17... Nf5) 16... a5 17. Re1 Ba6 18. Qe4 Bxc4 19. Qxc4 Qc7 20. Bxe7 (20. Re4
Ng6 21. Rae1 Rxe4 22. Rxe4 (22. Qxe4 h6 23. Be3 c4 $132) 22... Ne5 23. Nxe5
Bxe5 $11) 20... Bxe7 21. b3 Bf6 22. Rxe8+ Rxe8 23. Rd1 Rd8 $11 24. g3 g6 25.
Kg2 Qd6 26. Qe4 Bc3 {Preventing White`s Knight from moving to c4 Black
completely equalize the game} 27. Rd3 Kg7 28. h4 h5 29. Rd1 1/2-1/2

[Event "FIDE-Wch k.o."]
[Site "Las Vegas"]
[Date "1999.08.12"]
[Round "5.1"]
[White "Kramnik, Vladimir"]
[Black "Adams, Michael"]
[Result "1/2-1/2"]
[WhiteElo "2760"]
[BlackElo "2708"]
[Annotator "Golod,V"]
[PlyCount "55"]
[EventDate "1999.07.31"]
[EventType "k.o."]
[EventRounds "7"]
[EventCountry "USA"]
[SourceTitle "CBM 072"]
[Source "ChessBase"]
[SourceDate "1999.10.01"]
[SourceVersion "1"]
[SourceVersionDate "1999.10.01"]
[SourceQuality "1"]

1. d4 Nf6 2. c4 e6 3. Nc3 Bb4 4. Qc2 d5 5. a3 $5 ({Another line is:} 5. cxd5 $5
) 5... Bxc3+ 6. Qxc3 Ne4 7. Qc2 e5 $5 {Rare move! Besides,black has few
options:} (7... c5 $5 {-see comments to Daschian,N-Landa,K/Moscow,1999/CBM 70
(1/2-1/2)(Golod,V)(34)}) (7... Nc6 $5) ({and} 7... O-O $5) 8. cxd5 ({
Interestingly:} 8. dxe5 $5 Bf5 9. Nf3 $5 {Atalik,S} (9. Qb3 $6 Na6 10. cxd5 c6
$1 {[%csl Re1][%cal Gd8a5]} 11. Nf3 Qa5+ 12. Bd2 Nxd2 13. Nxd2 Rd8 $40 {
0-1 Gaborit,J-Hauchard,A/Pau 1989/EXT 97 (25)}) 9... Ng3 $140 $2 10. e4 Bxe4 (
10... Nxe4 11. Bd3 $16) 11. Qa4+ b5 12. Qxb5+ c6 13. Qb7 Nxh1 14. Qxa8 Bxf3 $8
(14... Qb6 $2 15. Be3 Qxb2 16. Bd4 Qb3 17. Nd2 $18) 15. gxf3 O-O (15... Qb6 $2
16. Be3 Qxb2 17. Bd4 Qxd4 18. Qxb8+ Ke7 19. Qd6+ Ke8 20. Qxc6+ Ke7 21. Qc7+ Ke8
22. Ra2 $18) 16. cxd5 Qxd5 17. Qxa7 $16) ({After:} 8. e3 exd4 9. cxd5 Nf6 10.
Qa4+ c6 11. Qxd4 Qxd5 12. Nf3 O-O 13. Bc4 Qxd4 14. Nxd4 c5 {-equality.
Pelletier,Y-Marinelli,T/Mitropa Cup 1995/CBM 46(1/2-1/2)(41)}) 8... Qxd5 9. e3
{Another alternative is:} (9. f3 Nf6 $5 (9... Nd6 10. dxe5 Qxe5 11. e4 Nc6 12.
Bd3 Be6 13. Ne2 Qa5+ 14. Kf2 O-O-O $13 {1/2-1/2 Grigorian,K-Kortschnoj,V/
Moscow 1973/URS-ch (37)}) 10. e4 Qxd4 11. Qxc7 Nc6 12. Ne2 Qc5 13. b4 $2 (13.
Nc3 $5) 13... Nxb4 $1 14. Qxc5 Nd3+ 15. Kd2 Nxc5 $17 {Kramnik,V-Kasparov,G/
Moscow,1998(blitz g/5)(0-1)(41)}) 9... exd4 10. Nf3 {'!' Nikolic,Pr.} Nd6 {
Is the best move!} ({Dubious:} 10... Qc6 {because of:} 11. Nxd4 $1 (11. Bd3 Nd6
) 11... Qxc2 12. Nxc2 $14 {1/2-1/2 Kasparov,G-Nikolic,P/Barcelona 1989/Inf 47/
677(Nikolic,Pr)(37)}) ({and} 10... dxe3 $6 11. Bxe3 {with strong initiative
behind pawn.}) 11. Nxd4 Bd7 $1 {/\Nc6} ({Badly:} 11... O-O $2 {in view of:} 12.
Qxc7 Nc6 13. Nxc6 bxc6 14. Bd2 a5 15. Rd1 Ne4 16. Bc1 $16 {1-0 Forintos,
G-Sydor,A/Cienfuegos 1975/EXT 98 (31)}) 12. b3 $5 $146 {[%mdl 8]} (12. f3 $5
Nc6 13. Nxc6 Bxc6 14. Be2 (14. e4 $6 {Atalik,S} Qe6 15. Be2 f5 16. exf5 Nxf5 {
><d4}) 14... f5 $1 15. a4 $1 {><b5} O-O-O 16. b4 $13 {1-0 Atalik,S-Kotronias,V/
Mangalia,1992/Inf 55/549(Atalik,S)(29)}) ({and} 12. Bd2 {-see comments to
Atalik,S-Shaked,T/New York,1998/CBM 64(1/2-1/2)(Kostakiev,D)(14)-was checked
in the previous games.}) ({Dubious:} 12. b4 {in view of:} a5 {(Atalik,S)}) ({
Also dubious:} 12. Qxc7 {because of:} Nc6 $44 {[%csl Rc7]}) 12... Nc6 $5 ({
After:} 12... c5 $6 13. Nf3 Bf5 14. Qc3 {[%csl Rg7][%cal Gc1b2] white has a
big advantage.}) 13. Bb2 Nxd4 ({Worse is:} 13... O-O {in view of:} 14. Nxc6 $5
(14. O-O-O Nxd4 15. Bxd4 {-transfers to-13...Nxd4} (15. Rxd4 $5)) 14... Bxc6
15. Rd1 $14) 14. Bxd4 {[%csl Rc7,Rg7]} O-O 15. O-O-O {[%csl Rd5][%cal Gd4g7]} (
15. Qxc7 $6 Bc6 $44 {[%csl Rc7,Re1]}) 15... Bf5 $1 {Differently badly.} 16.
Bxg7 {This is continuation better than other moves:} (16. Qc3 $6 Rad8 $5 (16...
Ne4 $5) 17. Bxg7 $140 $2 Qxd1+ 18. Kxd1 Ne4+ $17 {[%csl Rc3,Rf2]}) (16. Bd3
Bxd3 17. Qxd3 (17. Rxd3 $2 Qxg2) 17... Rad8 $11) 16... Bxc2 17. Rxd5 Bxb3 $8 {
[%csl Rd5,Rg7]} (17... Be4 $2 18. Rg5 $18) 18. Rg5 $5 ({After:} 18. Bxf8 Bxd5
19. Bxd6 cxd6 20. Bd3 {white has a slightly positional advantage in the
endgame.}) ({Also after:} 18. Rd3 Kxg7 19. Rxb3 Rad8 {-equality.}) 18... Ne4 $8
({Badly:} 18... Rfe8 $2 {in view of:} 19. Be5+ Kf8 20. Bd3 $16 {[%csl Rh7]})
19. Bxf8+ (19. Rg4 $2 f5 {[%csl Rg4]} (19... Nxf2 $5) 20. Bxf8+ (20. Rxe4 $143
fxe4 21. Bxf8 Rxf8 $17 {[%csl Rf2]}) 20... fxg4 $17 {[%csl Rf2,Rf8]}) 19...
Nxg5 20. Be7 {+/=/=} Ne4 $1 (20... Ne6 $6 21. Bf6 $14 {[%csl Gf6][%cal Gf6d8,
Gf6h8]}) 21. f3 $140 Re8 22. Bh4 {[%csl Rf2,Yh4]} Nd6 23. e4 (23. Kd2 $143 c5
$11) 23... f5 $1 24. exf5 Nxf5 25. Bf2 Rd8 {[%cal Gd8d1]} 26. Be2 a5 $5 {
Black's plan is:a4,Rd6-c6} 27. g4 ({Can be recommended:} 27. Re1) 27... Nd4 28.
Bd1 (28. Bd1 a4 $5 (28... Bc4 $143 29. Re1 Kf7 30. Re4 $14) 29. Bxd4 Rxd4 30.
Bxb3+ axb3 31. Kb2 Rd2+ 32. Kxb3 Rd3+ 33. Kb4 Rxf3 $11) 1/2-1/2